2006 England World Cup Squad - Statistics

General Stats
  • This quiz has been taken 101 times
  • The average score is 17 of 23
Answer Stats
Club Position Caps Answer % Correct
Real Madrid RM 89 David Beckham
97%
Arsenal LB 46 Ashley Cole
96%
Chelsea CM 40 Frank Lampard
96%
Chelsea LM 32 Joe Cole
96%
Manchester United CB 47 Rio Ferdinand
95%
Liverpool CM 42 Steven Gerrard
95%
Manchester United ST 29 Wayne Rooney
93%
Manchester United RB 79 Gary Neville
91%
Chelsea CB 24 John Terry
91%
Newcastle United ST 77 Michael Owen
88%
Arsenal CB 68 Sol Campbell
83%
Liverpool CB 25 Jamie Carragher
78%
Bayern Munich CM 30 Owen Hargreaves
75%
Arsenal RM 1 Theo Walcott
71%
Tottenham Hotspur GK 21 Paul Robinson
68%
Liverpool ST 7 Peter Crouch
67%
Manchester City GK 34 David James
66%
Tottenham Hotspur RM 1 Aaron Lennon
59%
Chelsea LB 23 Wayne Bridge
50%
Tottenham Hotspur CM 6 Michael Carrick
46%
Middlesbrough LM 2 Stewart Downing
42%
Liverpool GK 0 Scott Carson
41%
Tottenham Hotspur CM 15 Jermaine Jenas
36%
No matching quizzes found
Score Distribution
Percent of People with Each Score
Percentile by Number Answered
Your Score History
You have not taken this quiz